Žiadosť a náležitosti projektu pre subjekty územnej spolupráce na podporu regionálneho rozvoja
Návrhom výnosu sa ustanovujú formálne náležitosti, ktoré sú nevyhnutné na poskytnutie dotácie na projekt pre subjekty územnej spolupráce. Obsah náležitostí je koncipovaný s dôrazom na dôsledné posúdenie žiadateľa.
Uložené v:
| Hlavný autor: | |
|---|---|
| Médium: | Kapitola |
| Jazyk: | Slovak |
| Predmet: | |
| Tagy: |
Žiadne tagy, Buďte prvý, kto otaguje tento záznam!
|
MARC
| LEADER | 00000nla a2200000 4500 | ||
|---|---|---|---|
| 001 | 0204503 | ||
| 005 | 20240502073420.8 | ||
| 041 | 0 | |a slo | |
| 044 | |a SK | ||
| 245 | 1 | 0 | |a Žiadosť a náležitosti projektu pre subjekty územnej spolupráce na podporu regionálneho rozvoja |c Zuzana Brindzová |
| 520 | |a Návrhom výnosu sa ustanovujú formálne náležitosti, ktoré sú nevyhnutné na poskytnutie dotácie na projekt pre subjekty územnej spolupráce. Obsah náležitostí je koncipovaný s dôrazom na dôsledné posúdenie žiadateľa. | ||
| 610 | 2 | 0 | |a financie verejné |
| 610 | 2 | 0 | |a dotácie |
| 610 | 2 | 0 | |a podpora štátna |
| 610 | 2 | 0 | |a výdavky rozpočtu štátneho |
| 610 | 2 | 0 | |a projekty |
| 610 | 2 | 0 | |a rozvoj regionálny |
| 100 | 1 | |a Brindzová, Zuzana | |